000
00323nam a22001457a 4500
008
221013b ||||| |||| 00| 0 eng d
020
_a
9781502975157
041
_a
eng
080
_a
610.73
082
_a
610.73 MULL
100
_a
6
101
_a
INF
245
_a
CURE FOR TTHE COMMON LEADER
_c
MULL J
942
_2
udc
_c
BK
999
_c
58537
_d
58537